000 00639cam a2200229 4500
008 090401t1996 xxu||||| |||| 00| 0 eng d
020 _a0859513963
035 _a(Sirsi) u41086
041 _aeng
050 _a615.925756
110 _aNational Radiological Protection Board
_9241
245 _aRadon affected areas : England and Wales.
260 _aChilton, Oxon.
_bNRPB
_c1996
300 _a18p. : ill. ; 25cm.
350 _a5
490 _aDocuments of the NRPB
_vVol.7 No.2 1996
650 _aHOUSES
650 _aRADON AFFECTED AREAS
690 _aENVIRONMENTAL AND LAND CONSULTANCY
942 _n0
948 _c04/03/1997
999 _c90905
_d90905